Electronic finance: a new approach to financial sector development (Record no. 41541)

MARC details
000 -LEADER
fixed length control field 00633nam a2200169 a 4500
008 - FIXED-LENGTH DATA ELEMENTS--GENERAL INFORMATION
fixed length control field 080331s2002 ||||||||||||||||| || u
050 ## - LIBRARY OF CONGRESS CALL NUMBER
Classification number IBRD(08)DP
100 ## - MAIN ENTRY--PERSONAL NAME
Personal name Claessens, Stijn
245 10 - TITLE STATEMENT
Title Electronic finance: a new approach to financial sector development
260 ## - PUBLICATION, DISTRIBUTION, ETC.
Place of publication, distribution, etc. Washington, D. C.
Name of publisher, distributor, etc. World Bank
Date of publication, distribution, etc. 2002
300 ## - PHYSICAL DESCRIPTION
Extent ix, 97p. :ill.
350 ## - PRICE (NR) (BK AM CF MU VM SE) [OBSOLETE]
Price 0.00
490 ## - SERIES STATEMENT
Series statement World Bank Discussion Papers
700 ## - ADDED ENTRY--PERSONAL NAME
Personal name Glaessner, Thomas
700 ## - ADDED ENTRY--PERSONAL NAME
Personal name Klingediel, Daniela
995 ## - RECOMMENDATION 995 [LOCAL, UNIMARC FRANCE]
-- 0.00
-- CBU-MAIN LIBRARY (Kitwe)
-- 1
-- 0.00
-- 1
-- AVAILABLE
-- Mar 31, 2008
-- International Publications
Holdings
Withdrawn status Lost status Source of classification or shelving scheme Damaged status Not for loan Home library Current library Shelving location Date acquired Total Checkouts Full call number Barcode Date last seen Price effective from Koha item type
          CBU-MAIN LIBRARY, KITWE. CBU-MAIN LIBRARY, KITWE.   11/30/2022   IBRD(08)DP 45584 11/30/2022 11/30/2022 MONOGRAPH